[Event "PNWCC Online blitz JP 2nd"]
[Site "Chess.com INT"]
[Date "2020.03.21"]
[Round "7"]
[White "Zhang, Andrew Huangtiankai"]
[Black "Wang, Ryan"]
[Result "0-1"]
[WhiteElo "1553"]
[BlackElo "1411"]
[PlyCount "82"]
[EventDate "2020.03.21"]
[EventType "swiss (blitz)"]
[EventRounds "11"]
[EventCountry "USA"]
[SourceTitle "CBM 195 Extra"]
[Source "ChessBase"]
[SourceDate "2020.05.31"]
[SourceVersion "1"]
[SourceVersionDate "2020.05.31"]
[SourceQuality "1"]

1. e4 c5 2. Nf3 d6 3. d4 cxd4 4. Nxd4 Nf6 5. Nc3 Nc6 6. h3 e6 7. g4 Be7 8. g5 Nd7 9. h4 Nde5 10. f4 Nxd4 11. fxe5 dxe5 12. Be3 Qb6 13. Bb5+ Bd7 14. Bxd7+ Kxd7 15. Ne2 Ke8 16. Nxd4 Rd8 17. Qf3 exd4 18. 0-0 Rf8 19. Bf4 d3+ 20. Kh1 dxc2 21. Rac1 Qxb2 22. Qe2 Rc8 23. Rf2 e5 24. Be3 Ba3 25. Qg4 Ke7 26. g6 Qb1 27. Rxf7+ Rxf7 28. Qxc8 Rf1+ 29. Kg2 Rxc1 30. Qc7+ Ke6 31. Qf7+ Kd6 32. Qf8+ Kc6 33. Qc8+ Kb5 34. Qxb7+ Kc4 35. Qc6+ Kd3 36. Qd5+ Kc3 37. Bd2+ Kb2 38. Qb3+ Ka1 39. Qxa3 Rg1+ 40. Kh3 Qf1+ 41. Kh2 Qg2# 0-1

[Event "Windsor NAYCC U08"]
[Site "Windsor"]
[Date "2016.08.08"]
[Round "3.163"]
[White "Xu, Daniel"]
[Black "Zhang, Andrew Huangtiankai"]
[Result "1-0"]
[WhiteElo "1486"]
[BlackElo "1524"]
[PlyCount "85"]
[EventDate "2016.08.07"]
[EventType "swiss"]
[EventRounds "9"]
[EventCountry "CAN"]
[SourceTitle "EXT 2022"]
[Source "ChessBase"]
[SourceDate "2021.10.06"]
[SourceVersion "1"]
[SourceVersionDate "2021.10.06"]
[SourceQuality "1"]

1. e4 e5 2. Nf3 Nc6 3. d4 exd4 4. Nxd4 Nf6 5. Nxc6 bxc6 6. Nc3 Bb4 7. Bd3 0-0 8. 0-0 h6 9. e5 Bxc3 10. bxc3 Nd5 11. c4 Ne7 12. Qh5 d5 13. c5 Be6 14. f4 f5 15. exf6 Rxf6 16. f5 Bd7 17. Bb2 Qf8 18. Bxf6 Qxf6 19. Rab1 a5 20. Rb7 Re8 21. Ra7 Qd4+ 22. Kh1 Rf8 23. Rxc7 Be8 24. Qe2 Nxf5 25. Bxf5 Rxf5 26. Rxf5 Bh5 27. Qf2 Qd1+ 28. Qf1 Qxc2 29. Rf8+ Kh7 30. Qf5+ Qxf5 31. Rxf5 Bg6 32. Rf4 Kh8 33. Rxc6 Kh7 34. Rxg6 Kxg6 35. c6 Kh7 36. c7 Kh8 37. c8Q+ Kh7 38. Qf5+ Kh8 39. Qf8+ Kh7 40. Rf7 Kg6 41. Qxg7+ Kh5 42. Qg3 d4 43. Rf5# 1-0